000 nam a22 7a 4500
999 _c328392
_d328392
003 Nust
005 20170406123614.0
008 170406b xxu||||| |||| 00| 0 eng d
040 _cDLC
082 _a909.097671022 LAU
100 _aLaurance, Robin
245 _aPortrait of Islam a journey through the muslim world /
260 _aUK :
_bThames & Hudson,
300 _a168p. :
942 _2ddc
_cBK